[Event "Edmonton int."]
[Site "Edmonton CAN"]
[Date "2008.08.04"]
[Round "8"]
[White "Hansen, Eric"]
[Black "Huber, Gregory"]
[Result "1-0"]
[WhiteElo "2268"]
[BlackElo "2236"]
[PlyCount "41"]
[GameId "2160767910345125"]
[EventDate "2008.07.31"]
[EventType "swiss"]
[EventRounds "9"]
[EventCountry "CAN"]
[SourceTitle "EXT 2009"]
[Source "ChessBase"]
[SourceDate "2008.11.26"]
[SourceVersion "1"]
[SourceVersionDate "2008.11.26"]
[SourceQuality "1"]

1. e4 c5 2. Nf3 d6 3. d4 cxd4 4. Nxd4 Nf6 5. Nc3 a6 6. Be2 e6 7. O-O Be7 8. f4 O-O 9. Bf3 Qc7 10. Kh1 Re8 11. Qe1 Nfd7 12. Be3 Nc6 13. Rd1 Nxd4 14. Bxd4 b5 15. f5 Bb7 16. f6 Bf8 17. Bh5 g6 18. Bxg6 hxg6 19. Rd3 Bg7 20. Qh4 Ne5 21. Rh3 1-0

[Event "Edmonton int."]
[Site "Edmonton CAN"]
[Date "2008.08.04"]
[Round "8"]
[White "Kraai, Jesse"]
[Black "Thavandiran, Shiyam"]
[Result "1-0"]
[WhiteElo "2513"]
[BlackElo "2288"]
[PlyCount "73"]
[GameId "2160767910345126"]
[EventDate "2008.07.31"]
[EventType "swiss"]
[EventRounds "9"]
[EventCountry "CAN"]
[SourceTitle "CBM 125 Extra"]
[Source "ChessBase"]
[SourceDate "2008.09.01"]
[SourceVersion "1"]
[SourceVersionDate "2008.09.01"]
[SourceQuality "1"]

1. c4 e5 2. Nc3 Bb4 3. Nd5 Ba5 4. b4 c6 5. bxa5 cxd5 6. Qa4 Ne7 7. cxd5 O-O 8. e4 d6 9. Bd3 Ng6 10. g3 f5 11. Ne2 f4 12. Ba3 Na6 13. Nc3 Bg4 14. Be2 Bxe2 15. Nxe2 Rc8 16. Nc3 Nc5 17. Bxc5 Rxc5 18. Qb4 Rxa5 19. Qxb7 Rc5 20. Qa6 fxg3 21. hxg3 Rc7 22. Qe2 Qg5 23. Qh5 Qxh5 24. Rxh5 Rb8 25. Ke2 Nf8 26. Rhh1 Nd7 27. Rab1 Rxb1 28. Rxb1 a6 29. Nd1 Kf7 30. Ne3 g6 31. d3 Ke7 32. Nc4 Nc5 33. Ke3 Na4 34. f4 exf4+ 35. gxf4 Nc3 36. Rb6 h5 37. Rxd6 1-0

[Event "Edmonton int."]
[Site "Edmonton CAN"]
[Date "2008.08.04"]
[Round "9"]
[White "Ganguly, Surya Shekhar"]
[Black "Gerzhoy, Leonid"]
[Result "1/2-1/2"]
[WhiteElo "2631"]
[BlackElo "2399"]
[PlyCount "64"]
[GameId "2160767910345128"]
[EventDate "2008.07.31"]
[EventType "swiss"]
[EventRounds "9"]
[EventCountry "CAN"]
[SourceTitle "CBM 125 Extra"]
[Source "ChessBase"]
[SourceDate "2008.09.01"]
[SourceVersion "1"]
[SourceVersionDate "2008.09.01"]
[SourceQuality "1"]

1. e4 Nf6 2. e5 Nd5 3. d4 d6 4. Nf3 g6 5. Bc4 Nb6 6. Bb3 Bg7 7. Qe2 O-O 8. e6 d5 9. exf7+ Rxf7 10. Ne5 Bxe5 11. dxe5 c5 12. c3 Nc6 13. O-O Bf5 14. Re1 c4 15. Bd1 e6 16. Na3 Nd7 17. f4 Nc5 18. Qe3 Nd3 19. Rf1 Qb6 20. Qxb6 axb6 21. Be2 Ra5 22. Bxd3 Bxd3 23. Rf2 g5 24. fxg5 Rxf2 25. Kxf2 Nxe5 26. Bf4 Ng6 27. Bd6 d4 28. cxd4 Rxg5 29. Re1 Kf7 30. Be5 Nh4 31. Rg1 Ng6 32. Re1 Nh4 1/2-1/2

[Event "Edmonton int."]
[Site "Edmonton CAN"]
[Date "2008.08.04"]
[Round "9"]
[White "Moiseenko, Alexander"]
[Black "Kraai, Jesse"]
[Result "1/2-1/2"]
[WhiteElo "2632"]
[BlackElo "2513"]
[PlyCount "41"]
[GameId "2160767910345132"]
[EventDate "2008.07.31"]
[EventType "swiss"]
[EventRounds "9"]
[EventCountry "CAN"]
[SourceTitle "CBM 125 Extra"]
[Source "ChessBase"]
[SourceDate "2008.09.01"]
[SourceVersion "1"]
[SourceVersionDate "2008.09.01"]
[SourceQuality "1"]

1. d4 Nf6 2. c4 e6 3. Nc3 Bb4 4. g3 O-O 5. Bg2 Bxc3+ 6. bxc3 d6 7. Nf3 Nbd7 8. O-O Rb8 9. Re1 b6 10. e4 e5 11. Nh4 Bb7 12. Nf5 g6 13. Nh6+ Kg7 14. Bg5 Qe8 15. Qd2 Ng8 16. dxe5 Qxe5 17. Bh3 Ndf6 18. f3 Rfe8 19. Kh1 Nxh6 20. Bxh6+ Kg8 21. Rad1 1/2-1/2

[Event "Edmonton int."]
[Site "Edmonton CAN"]
[Date "2008.08.04"]
[Round "9"]
[White "Mrugala, David"]
[Black "Bolvary, Tamara"]
[Result "1-0"]
[WhiteElo "2035"]
[BlackElo "2046"]
[PlyCount "87"]
[GameId "2160767910345133"]
[EventDate "2008.07.31"]
[EventType "swiss"]
[EventRounds "9"]
[EventCountry "CAN"]

1. c4 Nf6 2. Nc3 c6 3. d4 d5 4. Nf3 a6 5. c5 Nbd7 6. Bf4 g6 7. h3 Bg7 8. e3 O-O 9. Be2 Ne8 10. Qb3 Kh8 11. h4 h6 12. Na4 Qa5+ 13. Nc3 e5 14. Nxe5 Nxe5 15. Bxe5 Bxe5 16. dxe5 Qxc5 17. Qa4 Qe7 18. Qd4 Be6 19. h5 g5 20. f4 c5 21. Qd3 d4 22. exd4 cxd4 23. Qxd4 Rd8 24. Qe4 f5 25. Qe3 g4 26. Kf2 Qb4 27. Rab1 Rd4 28. g3 Nc7 29. a3 Qb6 30. b4 Rfd8 31. Rhd1 Na8 32. Na4 Qa7 33. Nc5 Rxd1 34. Rxd1 Rxd1 35. Bxd1 Qb6 36. Nxe6 Qxe6 37. Bb3 Qc6 38. e6 Nc7 39. Qe5+ Kh7 40. Qxf5+ Kh8 41. Qf6+ Kh7 42. Qg6+ Kh8 43. Qxh6+ Kg8 44. e7+ 1-0

[Event "Edmonton int."]
[Site "Edmonton CAN"]
[Date "2008.08.04"]
[Round "9"]
[White "Porper, Edward"]
[Black "Panjwani, Raja"]
[Result "1/2-1/2"]
[WhiteElo "2476"]
[BlackElo "2310"]
[PlyCount "60"]
[GameId "2160767910345135"]
[EventDate "2008.07.31"]
[EventType "swiss"]
[EventRounds "9"]
[EventCountry "CAN"]
[SourceTitle "CBM 125 Extra"]
[Source "ChessBase"]
[SourceDate "2008.09.01"]
[SourceVersion "1"]
[SourceVersionDate "2008.09.01"]
[SourceQuality "1"]

1. d4 Nf6 2. c4 g6 3. Nc3 Bg7 4. e4 d6 5. Nf3 O-O 6. Be2 Na6 7. O-O e5 8. dxe5 dxe5 9. Qxd8 Rxd8 10. Bg5 Re8 11. Rfe1 Bg4 12. h3 Bxf3 13. Bxf3 c6 14. Rad1 Nc5 15. Be3 Ne6 16. Na4 Bf8 17. a3 b6 18. Nc3 Red8 19. Kf1 Bc5 20. Bg4 Bxe3 21. Rxe3 Nxg4 22. hxg4 Rxd1+ 23. Nxd1 Rd8 24. Nc3 Rd2 25. Re2 Rd4 26. f3 Rxc4 27. Rd2 Rd4 28. Rxd4 Nxd4 29. Kf2 f6 30. Ke3 Kf7 1/2-1/2

[Event "Edmonton int."]
[Site "Edmonton CAN"]
[Date "2008.08.04"]
[Round "9"]
[White "Reeve, Jeff"]
[Black "Huber, Gregory"]
[Result "1-0"]
[WhiteElo "2243"]
[BlackElo "2236"]
[PlyCount "61"]
[GameId "2160767910345136"]
[EventDate "2008.07.31"]
[EventType "swiss"]
[EventRounds "9"]
[EventCountry "CAN"]
[SourceTitle "EXT 2009"]
[Source "ChessBase"]
[SourceDate "2008.11.26"]
[SourceVersion "1"]
[SourceVersionDate "2008.11.26"]
[SourceQuality "1"]

1. e4 c5 2. Nf3 e6 3. Nc3 a6 4. d4 cxd4 5. Nxd4 d6 6. Be3 Nf6 7. f3 Be7 8. Qd2 O-O 9. O-O-O Nc6 10. g4 Nxd4 11. Bxd4 b5 12. h4 Qc7 13. h5 b4 14. Ne2 e5 15. Be3 a5 16. g5 Nd7 17. Kb1 Nb6 18. Ng3 Nc4 19. Bxc4 Qxc4 20. Nf5 Bxf5 21. exf5 Rfc8 22. g6 Rc7 23. Rdg1 Bf6 24. gxh7+ Kxh7 25. Qg2 Rg8 26. Bg5 Bxg5 27. Qxg5 Qxc2+ 28. Ka1 a4 29. f6 a3 30. Qg6+ Qxg6 31. hxg6# 1-0

[Event "Edmonton int."]
[Site "Edmonton CAN"]
[Date "2008.08.04"]
[Round "9"]
[White "Shabalov, Alexander"]
[Black "Bluvshtein, Mark"]
[Result "1/2-1/2"]
[WhiteElo "2611"]
[BlackElo "2548"]
[PlyCount "96"]
[GameId "2160767910345137"]
[EventDate "2008.07.31"]
[EventType "swiss"]
[EventRounds "9"]
[EventCountry "CAN"]
[SourceTitle "CBM 125 Extra"]
[Source "ChessBase"]
[SourceDate "2008.09.01"]
[SourceVersion "1"]
[SourceVersionDate "2008.09.01"]
[SourceQuality "1"]

1. d4 Nf6 2. c4 e6 3. Nc3 Bb4 4. Qc2 d5 5. cxd5 exd5 6. Bg5 h6 7. Bh4 c5 8. dxc5 g5 9. Bg3 Ne4 10. e3 Qa5 11. Nge2 Bf5 12. Be5 O-O 13. Nd4 Nd7 14. Nxf5 Nxe5 15. Ne7+ Kg7 16. Nexd5 Bxc3+ 17. Nxc3 Nxc3 18. bxc3 Rac8 19. Be2 Rxc5 20. O-O Qxc3 21. Qe4 b6 22. Qd4 Rcc8 23. Qa4 Qc2 24. Qa6 Rfd8 25. Bd1 Qc3 26. Bb3 Rc7 27. Qb5 Rc5 28. Qa4 a5 29. Qe4 b5 30. f4 a4 31. fxe5 axb3 32. e6 f5 33. Qb7+ Rc7 34. Qxb5 Qxe3+ 35. Kh1 Qxe6 36. axb3 Qd5 37. Rxf5 Qxb5 38. Rxb5 Rcd7 39. h3 Rd1+ 40. Rxd1 Rxd1+ 41. Kh2 Rd3 42. Rb8 Kg6 43. b4 Rb3 44. Rb6+ Kg7 45. b5 Kh7 46. Rb8 Kg7 47. b6 Kh7 48. Kg1 Rb2 1/2-1/2

[Event "Edmonton int."]
[Site "Edmonton CAN"]
[Date "2008.08.04"]
[Round "9"]
[White "Thavandiran, Shiyam"]
[Black "Haessel, Dale"]
[Result "0-1"]
[WhiteElo "2288"]
[BlackElo "2149"]
[PlyCount "86"]
[GameId "2160767910345138"]
[EventDate "2008.07.31"]
[EventType "swiss"]
[EventRounds "9"]
[EventCountry "CAN"]
[SourceTitle "EXT 2009"]
[Source "ChessBase"]
[SourceDate "2008.11.26"]
[SourceVersion "1"]
[SourceVersionDate "2008.11.26"]
[SourceQuality "1"]

1. d4 Nf6 2. c4 g6 3. Nc3 d5 4. Nf3 Bg7 5. Bg5 Ne4 6. cxd5 Nxg5 7. Nxg5 e6 8. Qd2 exd5 9. Qe3+ Kf8 10. Qf4 Bf6 11. h4 h6 12. Nf3 Be6 13. O-O-O Nd7 14. e3 c6 15. Bd3 Qb8 16. Qxb8+ Rxb8 17. Kd2 b6 18. b4 b5 19. e4 Nb6 20. Ne5 Rc8 21. exd5 Nxd5 22. Rhe1 Nxb4 23. Nxg6+ fxg6 24. Rxe6 Kf7 25. Rd6 Rcd8 26. Ne4 Rxd6 27. Nxd6+ Kg7 28. a3 Nxd3 29. Kxd3 Rd8 30. Nb7 Rxd4+ 31. Kc2 Rxd1 32. Kxd1 Bxh4 33. f3 Be7 34. Na5 Bxa3 35. Nxc6 Bc5 36. Kc2 Kf6 37. Nb8 Ke6 38. Kd3 a5 39. Nc6 a4 40. Nd8+ Kd5 41. Nf7 b4 42. Nxh6 a3 43. Kc2 a2 0-1

[Event "Edmonton op"]
[Site "Edmonton CAN"]
[Date "2008.07.03"]
[Round "1"]
[White "Borger, Rocky"]
[Black "Nolan, Pat"]
[Result "0-1"]
[WhiteElo "1332"]
[BlackElo "1530"]
[PlyCount "61"]
[GameId "2160767910354362"]
[EventDate "2008.07.03"]
[EventType "swiss"]
[EventRounds "5"]
[EventCountry "CAN"]
[SourceTitle "EXT 2011"]
[Source "ChessBase"]
[SourceDate "2011.11.26"]
[SourceVersion "1"]
[SourceVersionDate "2011.11.26"]
[SourceQuality "1"]

1. d4 Nf6 2. f4 d5 3. Nf3 e6 4. Nbd2 c5 5. b3 Nc6 6. Bb2 Qb6 7. e3 Bd7 8. Rb1 Rc8 9. c3 Be7 10. Ne5 h5 11. Be2 cxd4 12. Nxd7 Kxd7 13. cxd4 g6 14. O-O Ng4 15. Rf3 Nb4 16. Rh3 f5 17. Ba3 a5 18. Bxb4 Bxb4 19. Rc1 Ba3 20. Rxc8 Rxc8 21. Qf1 Rc3 22. Bb5+ Ke7 23. Qe2 Rc2 24. Bd3 Rxa2 25. Rf3 Qb4 26. h3 Rxd2 27. Qe1 Rxd3 28. Qxb4+ Bxb4 29. hxg4 hxg4 30. Rg3 Rxb3 31. e4 0-1

[Event "Edmonton op"]
[Site "Edmonton CAN"]
[Date "2008.07.03"]
[Round "1"]
[White "Cobos, Sygifredo"]
[Black "Wihnon, Jason"]
[Result "0-1"]
[WhiteElo "1700"]
[BlackElo "1754"]
[PlyCount "106"]
[GameId "2160767910354363"]
[EventDate "2008.07.03"]
[EventType "swiss"]
[EventRounds "5"]
[EventCountry "CAN"]
[SourceTitle "EXT 2011"]
[Source "ChessBase"]
[SourceDate "2011.11.26"]
[SourceVersion "1"]
[SourceVersionDate "2011.11.26"]
[SourceQuality "1"]

1. e4 e5 2. Nf3 Nc6 3. Bb5 Nf6 4. d3 Bc5 5. Bg5 O-O 6. Nbd2 d6 7. h3 h6 8. Bh4 Be6 9. Bc4 Qe7 10. Qe2 Nb4 11. Qd1 Bxc4 12. Nxc4 b5 13. Ncd2 Qe6 14. a3 Nc6 15. O-O Nh7 16. Nb3 Bb6 17. Re1 f5 18. exf5 Qxf5 19. Qe2 Nf6 20. Bxf6 Rxf6 21. Qe4 Qxe4 22. dxe4 g6 23. Re2 Nd8 24. Nh2 Kg7 25. Rf1 Ne6 26. g3 a5 27. Kg2 Raf8 28. c3 Nc5 29. Nxc5 Bxc5 30. Ng4 R6f7 31. Ne3 Bxe3 32. Rxe3 a4 33. Re2 Kf6 34. f4 Ke6 35. Ref2 d5 36. exd5+ Kxd5 37. Rd1+ Kc4 38. Rdf1 exf4 39. gxf4 Rf5 40. Kg3 g5 41. Rd2 Rxf4 42. Rfd1 R8f6 43. Rd4+ Kb3 44. R4d2 c6 45. Re1 h5 46. Ree2 h4+ 47. Kg2 Rf3 48. Re5 Rg3+ 49. Kh2 Rff3 50. Rc5 Rxh3+ 51. Kg2 Rfg3+ 52. Kf1 Rh1+ 53. Ke2 Rh2+ 0-1

[Event "Edmonton op"]
[Site "Edmonton CAN"]
[Date "2008.07.03"]
[Round "1"]
[White "Hughey, Micah"]
[Black "Razzaq, Ali"]
[Result "1-0"]
[WhiteElo "2207"]
[BlackElo "1886"]
[PlyCount "83"]
[GameId "2160767910354364"]
[EventDate "2008.07.03"]
[EventType "swiss"]
[EventRounds "5"]
[EventCountry "CAN"]
[SourceTitle "EXT 2011"]
[Source "ChessBase"]
[SourceDate "2011.11.26"]
[SourceVersion "1"]
[SourceVersionDate "2011.11.26"]
[SourceQuality "1"]

1. e4 c6 2. d4 d5 3. exd5 cxd5 4. c4 Nf6 5. Nc3 Nc6 6. Nf3 g6 7. cxd5 Nxd5 8. Qb3 e6 9. Bg5 Qb6 10. Nxd5 exd5 11. Bb5 Bg7 12. Bxc6+ bxc6 13. Qa3 Qc7 14. O-O f6 15. Rfe1+ Kf7 16. Bf4 Qd7 17. Re3 Bf8 18. Qc3 a5 19. Rc1 Bb7 20. a3 Bd6 21. Bxd6 Qxd6 22. Rce1 Rhe8 23. Rxe8 Rxe8 24. Qxa5 Rxe1+ 25. Nxe1 Qe7 26. Nd3 g5 27. h3 Kg6 28. Nc5 Bc8 29. Qd2 Bf5 30. a4 Qe8 31. a5 Qb8 32. Qe2 Kf7 33. Qf3 Bc8 34. Qh5+ Kg7 35. Qe2 Qa7 36. b4 Qf7 37. a6 Kf8 38. Qa2 Qa7 39. Qa5 Ke7 40. Nb7 Bxb7 41. Qc7+ Kf8 42. axb7 1-0

[Event "Edmonton op"]
[Site "Edmonton CAN"]
[Date "2008.07.03"]
[Round "1"]
[White "Laboucane, Randy"]
[Black "Pedersen, Rick"]
[Result "1-0"]
[WhiteElo "1793"]
[BlackElo "1865"]
[PlyCount "34"]
[GameId "2160767910354365"]
[EventDate "2008.07.03"]
[EventType "swiss"]
[EventRounds "5"]
[EventCountry "CAN"]
[SourceTitle "EXT 2011"]
[Source "ChessBase"]
[SourceDate "2011.11.26"]
[SourceVersion "1"]
[SourceVersionDate "2011.11.26"]
[SourceQuality "1"]

1. d4 Nf6 2. Nf3 g6 3. Nc3 Bg7 4. e4 d6 5. Be3 c6 6. Qd2 Nbd7 7. O-O-O e5 8. dxe5 dxe5 9. Nxe5 Qe7 10. Nc4 O-O 11. f3 a5 12. Bf4 Ne8 13. Nd6 Ne5 14. Nxc8 Rxc8 15. Bg5 f6 16. Be3 Nc7 17. Qd6 Qe8 1-0

[Event "Edmonton op"]
[Site "Edmonton CAN"]
[Date "2008.07.03"]
[Round "1"]
[White "Seehagen, Terry"]
[Black "He, David"]
[Result "1-0"]
[WhiteElo "1636"]
[BlackElo "1143"]
[PlyCount "25"]
[GameId "2160767910354366"]
[EventDate "2008.07.03"]
[EventType "swiss"]
[EventRounds "5"]
[EventCountry "CAN"]
[SourceTitle "EXT 2011"]
[Source "ChessBase"]
[SourceDate "2011.11.26"]
[SourceVersion "1"]
[SourceVersionDate "2011.11.26"]
[SourceQuality "1"]

1. e4 e5 2. Bc4 Nf6 3. d4 Nc6 4. Nf3 d6 5. dxe5 Nxe4 6. Qd5 Qe7 7. Qxe4 Nb4 8. Ng5 d5 9. Bxd5 Qd7 10. Bxf7+ Kd8 11. O-O Qf5 12. Rd1+ Ke7 13. Qxb4+ 1-0

[Event "Edmonton op"]
[Site "Edmonton CAN"]
[Date "2008.07.03"]
[Round "1"]
[White "Sponga, George"]
[Black "Mendryk, Wayne"]
[Result "1/2-1/2"]
[WhiteElo "1605"]
[BlackElo "1436"]
[PlyCount "108"]
[GameId "2160767910354367"]
[EventDate "2008.07.03"]
[EventType "swiss"]
[EventRounds "5"]
[EventCountry "CAN"]
[SourceTitle "EXT 2011"]
[Source "ChessBase"]
[SourceDate "2011.11.26"]
[SourceVersion "1"]
[SourceVersionDate "2011.11.26"]
[SourceQuality "1"]

1. e4 c5 2. Bc4 Nc6 3. Nc3 e6 4. a3 Nf6 5. d3 Be7 6. f4 Nd4 7. Nf3 d5 8. exd5 exd5 9. Ba2 Bg4 10. O-O O-O 11. h3 Nxf3+ 12. Rxf3 Bxf3 13. Qxf3 d4 14. Ne4 Qc7 15. Bd2 Rad8 16. Re1 Rfe8 17. g4 g6 18. f5 Nxe4 19. dxe4 Bh4 20. fxg6 hxg6 21. Rf1 Rf8 22. Bf4 Qd7 23. Bh6 d3 24. c3 d2 25. Bd5 Qd6 26. Kg2 Qe7 27. Bxd2 Rd6 28. c4 Rf6 29. Qe2 Rxf1 30. Qxf1 Kh7 31. Bc3 f6 32. b4 b6 33. b5 Qd6 34. Qf3 Bg5 35. Qf2 Qf4 36. Qxf4 Bxf4 37. Be6 Bc1 38. a4 Re8 39. Bd5 Bg5 40. Kg3 Kg7 41. h4 Be3 42. Kf3 Bd4 43. Bd2 Be5 44. g5 Rf8 45. Kg4 fxg5 46. hxg5 Rf2 47. Be3 Ra2 48. Be6 Rxa4 49. Bf4 Bxf4 50. Kxf4 a5 51. bxa6 Rxa6 52. Bd7 Ra7 53. Be6 Rb7 54. Bd5 Rb8 1/2-1/2

[Event "Edmonton op"]
[Site "Edmonton CAN"]
[Date "2008.07.03"]
[Round "1"]
[White "Wang, Emily"]
[Black "Zeggelaar, Mike"]
[Result "0-1"]
[WhiteElo "1830"]
[BlackElo "1697"]
[PlyCount "46"]
[GameId "2160767910354368"]
[EventDate "2008.07.03"]
[EventType "swiss"]
[EventRounds "5"]
[EventCountry "CAN"]
[SourceTitle "EXT 2011"]
[Source "ChessBase"]
[SourceDate "2011.11.26"]
[SourceVersion "1"]
[SourceVersionDate "2011.11.26"]
[SourceQuality "1"]

1. e4 c5 2. c3 d5 3. Bd3 c4 4. Bc2 e5 5. Nf3 Nc6 6. b3 Bg4 7. bxc4 dxc4 8. O-O b5 9. d4 exd4 10. cxd4 Bxf3 11. Qxf3 Nxd4 12. Qf4 Nxc2 13. Bb2 Nf6 14. e5 Nd5 15. Qe4 Nxa1 16. e6 Nf6 17. Qc6+ Nd7 18. Qd5 fxe6 19. Qxe6+ Qe7 20. Qc6 Rb8 21. Rd1 Nc2 22. Rc1 Rg8 23. Rxc2 Qe1# 0-1

[Event "Edmonton op"]
[Site "Edmonton CAN"]
[Date "2008.07.03"]
[Round "1"]
[White "Wu, Allan"]
[Black "Stark, Mark"]
[Result "1/2-1/2"]
[WhiteElo "1879"]
[BlackElo "1955"]
[PlyCount "109"]
[GameId "2160767910354370"]
[EventDate "2008.07.03"]
[EventType "swiss"]
[EventRounds "5"]
[EventCountry "CAN"]
[SourceTitle "EXT 2011"]
[Source "ChessBase"]
[SourceDate "2011.11.26"]
[SourceVersion "1"]
[SourceVersionDate "2011.11.26"]
[SourceQuality "1"]

1. c4 Nf6 2. Nf3 c5 3. Nc3 g6 4. g3 b6 5. Bg2 Bb7 6. O-O Bg7 7. b3 O-O 8. Bb2 d6 9. e3 e5 10. Ne2 Nh5 11. d4 e4 12. Nd2 f5 13. Qc2 Nc6 14. a3 Qe7 15. d5 Ne5 16. Nf4 Nxf4 17. exf4 Ng4 18. Bxg7 Qxg7 19. h3 Nxf2 20. Kxf2 e3+ 21. Kg1 exd2 22. Qxd2 Rfe8 23. Rfe1 Rad8 24. Rxe8+ Rxe8 25. Re1 Qf8 26. Re3 Bc8 27. Rxe8 Qxe8 28. Kf2 Bd7 29. Qc3 b5 30. Bf1 bxc4 31. Bxc4 Qb8 32. Ke3 Be8 33. Qf6 Bf7 34. Qe7 Kg7 35. Qd7 Kf6 36. Kf2 Qb6 37. Ke3 h6 38. h4 Qb8 39. Kf2 a5 40. Kf3 Kg7 41. Kf2 Kf8 42. Kf3 h5 43. Kf2 Qb6 44. Ke2 Be8 45. Qe6 a4 46. Qf6+ Bf7 47. bxa4 Qb1 48. Qxd6+ Kg7 49. Qe5+ Kg8 50. Kd2 Qg1 51. Be2 Qxg3 52. Qb8+ Kg7 53. Qe5+ Kg8 54. Qb8+ Kg7 55. Qe5+ 1/2-1/2

[Event "Edmonton op"]
[Site "Edmonton CAN"]
[Date "2008.07.03"]
[Round "1"]
[White "Yamach, Ahmet"]
[Black "Sequillion, Aaron"]
[Result "0-1"]
[WhiteElo "1916"]
[BlackElo "1816"]
[PlyCount "98"]
[GameId "2160767910354371"]
[EventDate "2008.07.03"]
[EventType "swiss"]
[EventRounds "5"]
[EventCountry "CAN"]
[SourceTitle "EXT 2011"]
[Source "ChessBase"]
[SourceDate "2011.11.26"]
[SourceVersion "1"]
[SourceVersionDate "2011.11.26"]
[SourceQuality "1"]

1. c4 e5 2. Nc3 Nc6 3. g3 Nf6 4. Bg2 Be7 5. d3 O-O 6. e3 Re8 7. Nge2 d6 8. a3 Be6 9. e4 Qd7 10. O-O Bh3 11. b4 Bxg2 12. Kxg2 Nd4 13. Be3 Nxe2 14. Qxe2 c6 15. a4 d5 16. Bg5 Bxb4 17. Na2 Bc5 18. Bxf6 gxf6 19. Nc1 Bd4 20. Rb1 dxc4 21. dxc4 c5 22. Nb3 Qxa4 23. Qg4+ Kf8 24. Qf5 b6 25. Qxf6 Qxc4 26. Qh8+ Ke7 27. Qxh7 Rh8 28. Qf5 Qe6 29. Qxe6+ Kxe6 30. Nd2 Rab8 31. Nc4 b5 32. Na5 Rhc8 33. f4 c4 34. fxe5 Bxe5 35. Rfc1 c3 36. Rc2 b4 37. Nb3 Rb5 38. Ra1 Rc7 39. h4 Rd7 40. Ra6+ Ke7 41. h5 Rb6 42. Ra5 Bb8 43. g4 a6 44. g5 Rd1 45. e5 Rb1 46. Nd4 Rb2 47. Kf3 Rxc2 48. Nxc2 b3 49. Na3 Rc6 0-1

[Event "Edmonton op"]
[Site "Edmonton CAN"]
[Date "2008.07.10"]
[Round "2"]
[White "He, David"]
[Black "Wang, Emily"]
[Result "1-0"]
[WhiteElo "1143"]
[BlackElo "1830"]
[PlyCount "49"]
[GameId "2160767910354372"]
[EventDate "2008.07.03"]
[EventType "swiss"]
[EventRounds "5"]
[EventCountry "CAN"]
[SourceTitle "EXT 2011"]
[Source "ChessBase"]
[SourceDate "2011.11.26"]
[SourceVersion "1"]
[SourceVersionDate "2011.11.26"]
[SourceQuality "1"]

1. e4 c6 2. d4 d5 3. Nc3 dxe4 4. Nxe4 Bf5 5. Bd3 e6 6. Bg5 f6 7. Bf4 Qxd4 8. c3 Qd5 9. c4 Qd4 10. Nf3 Qd7 11. O-O e5 12. Be3 Na6 13. Rc1 Rd8 14. c5 Qxd3 15. Ng3 Qb5 16. a4 Qb4 17. Bd2 Qg4 18. Nxf5 Qxf5 19. Qc2 Qe6 20. Qc4 Qd7 21. Rcd1 Qc8 22. Rfe1 b6 23. Bg5 fxg5 24. Nxg5 Be7 25. Qf7# 1-0

[Event "Edmonton op"]
[Site "Edmonton CAN"]
[Date "2008.07.10"]
[Round "2"]
[White "Johnson, Ron"]
[Black "Sponga, George"]
[Result "0-1"]
[WhiteElo "1432"]
[BlackElo "1605"]
[PlyCount "82"]
[GameId "2160767910354373"]
[EventDate "2008.07.03"]
[EventType "swiss"]
[EventRounds "5"]
[EventCountry "CAN"]
[SourceTitle "EXT 2011"]
[Source "ChessBase"]
[SourceDate "2011.11.26"]
[SourceVersion "1"]
[SourceVersionDate "2011.11.26"]
[SourceQuality "1"]

1. e4 e5 2. Nf3 Nc6 3. d4 exd4 4. Nxd4 Bc5 5. Be3 Qe7 6. Nc3 Bb4 7. Qg4 g6 8. Nxc6 Bxc3+ 9. bxc3 dxc6 10. Qg3 Nf6 11. Bd3 Nh5 12. Qf3 O-O 13. O-O c5 14. Rfe1 b6 15. e5 Be6 16. Bh6 Rad8 17. Qe3 Rd5 18. Bc4 c6 19. Bxd5 Bxd5 20. g4 Ng7 21. Bg5 Qe6 22. h3 h5 23. Bf6 Kh7 24. Qg5 Rg8 25. Re3 Nf5 26. Rae1 Ng7 27. Kh2 a5 28. f4 b5 29. f5 gxf5 30. gxf5 Qxf5 31. Qxf5+ Nxf5 32. Rd3 Rg2+ 33. Kh1 Re2+ 34. Kg1 Rxe1+ 35. Kf2 Re4 36. c4 Rxc4 37. Bd8 a4 38. c3 Re4 39. Bc7 h4 40. Rf3 Kg6 41. Bb6 c4 0-1

[Event "Edmonton op"]
[Site "Edmonton CAN"]
[Date "2008.07.10"]
[Round "2"]
[White "Mendryk, Wayne"]
[Black "Cobos, Sygifredo"]
[Result "0-1"]
[WhiteElo "1436"]
[BlackElo "1700"]
[PlyCount "66"]
[GameId "2160767910354374"]
[EventDate "2008.07.03"]
[EventType "swiss"]
[EventRounds "5"]
[EventCountry "CAN"]
[SourceTitle "EXT 2011"]
[Source "ChessBase"]
[SourceDate "2011.11.26"]
[SourceVersion "1"]
[SourceVersionDate "2011.11.26"]
[SourceQuality "1"]

1. d4 e6 2. e4 d5 3. Nc3 Bb4 4. e5 Nc6 5. a3 Ba5 6. f4 Nge7 7. Nf3 Bd7 8. Bd3 Bb6 9. Be3 a6 10. Qe2 Na7 11. O-O-O Qc8 12. Kb1 c5 13. dxc5 Bxc5 14. Nd4 Qc7 15. Rhf1 O-O-O 16. f5 Bxa3 17. Nb3 Kb8 18. Na4 Bxa4 19. bxa3 Nb5 20. Bd2 Nxa3+ 21. Kb2 Nc4+ 22. Bxc4 dxc4 23. Na5 Rc8 24. Bb4 c3+ 25. Ka3 Bb5 26. Qxb5 axb5 27. Bd6 Nxf5 28. Bxc7+ Rxc7 29. Rd3 b6 30. Nb3 Kb7 31. Rfd1 Ne7 32. Rd7 Nd5 33. Rd6 Ra8+ 0-1

[Event "Edmonton op"]
[Site "Edmonton CAN"]
[Date "2008.07.10"]
[Round "2"]
[White "Paton, Brandon"]
[Black "Thompson, Peter"]
[Result "0-1"]
[WhiteElo "1316"]
[BlackElo "1786"]
[PlyCount "86"]
[GameId "2160767910354375"]
[EventDate "2008.07.03"]
[EventType "swiss"]
[EventRounds "5"]
[EventCountry "CAN"]
[SourceTitle "EXT 2011"]
[Source "ChessBase"]
[SourceDate "2011.11.26"]
[SourceVersion "1"]
[SourceVersionDate "2011.11.26"]
[SourceQuality "1"]

1. d4 Nf6 2. Bg5 Ne4 3. Bh4 d5 4. e3 g6 5. Be2 Bg7 6. Nf3 c6 7. O-O O-O 8. Ng5 Nxg5 9. Bxg5 f6 10. Bh4 Qb6 11. b3 e5 12. Nc3 Qb4 13. Na4 b6 14. Nb2 Ba6 15. a3 Bxe2 16. Qxe2 Qd6 17. dxe5 fxe5 18. Nd3 e4 19. Bg3 Qe7 20. Rad1 exd3 21. Qxd3 Nd7 22. b4 Ne5 23. Qb3 Nc4 24. b5 Qc5 25. a4 Kh8 26. bxc6 Qxc6 27. f3 Rad8 28. Be1 Rfe8 29. e4 dxe4 30. Rxd8 Rxd8 31. Bc3 Qc5+ 32. Kh1 e3 33. Bb4 Qd4 34. c3 Qd3 35. Rg1 e2 36. Be7 Qd1 37. Qxd1 Rxd1 38. Bh4 Bxc3 39. h3 Rxg1+ 40. Kxg1 e1=Q+ 41. Bxe1 Bxe1 42. Kf1 Bb4 43. Ke2 Nb2 0-1